Normal view
MARC view
- Raju Sarkar
Entry Personal Name
001 - CONTROL NUMBER
- control field: 655
003 - CONTROL NUMBER IDENTIFIER
- control field: OSt
005 - DATE AND TIME OF LATEST TRANSACTION
- control field: 20160629101557.0
008 - FIXED-LENGTH DATA ELEMENTS
- fixed length control field: 160629|| aca||aabn | a|a d
040 ## - CATALOGING SOURCE
- Original cataloging agency: OSt
- Transcribing agency: OSt
100 ## - HEADING--PERSONAL NAME
- Personal name: Raju Sarkar
670 ## - SOURCE DATA FOUND
- Source citation: Work cat.: (OSt): Garber,Nicholas J. 654, Principles of Traffic and Highway Engineering, 2012
